| 000 | 00627cam a22002291 4500 | ||
|---|---|---|---|
| 001 | he 68001677 | ||
| 003 | DLC | ||
| 005 | 20260227111459.0 | ||
| 008 | 840514s1968 is b 000 0 heb | ||
| 010 | _ahe 68001677 | ||
| 035 | _a(OCoLC)19159343 | ||
| 040 |
_aDLC _cMH _dCU _dDLC |
||
| 042 | _apremarc | ||
| 050 | 0 | 0 |
_aBM525 _b.W4 |
| 100 | 1 |
_aWechsler, Tovia, _d1889- |
|
| 245 | 1 | 0 | _aTsefunot be-masoret Yiśraʼel. |
| 260 |
_aJerusalem : _bR. Mas, _c[1968] |
||
| 300 |
_a232 p. ; _c22 cm. |
||
| 504 | _aBibliographical references found in "heʻarot" (p.[199]-215). | ||
| 650 | 0 | _aGematria. | |
| 752 |
_aIsrael _dJerusalem |
||
| 999 |
_c33369 _d33369 |
||